SINAP: características financieras e impacto monetario 1961-1976
Uloženo v:
| Hlavní autor: | |
|---|---|
| Médium: | Kniha |
| Jazyk: | španělština |
| Vydáno: |
Santiago
Universidad de Chile
1977
|
| Edice: | Documento de Investigación, 12
|
| Témata: | |
| Tagy: |
Přidat tag
Žádné tagy, Buďte první, kdo vytvoří štítek k tomuto záznamu!
|
MARC
| LEADER | 00000nam a2200000 a 4500 | ||
|---|---|---|---|
| 001 | UCR9436 | ||
| 003 | CL-VaPUC | ||
| 008 | 980613e19770100CL |||||||||||||||||spa|d | ||
| 082 | 0 | 4 | |a 332.4983 |b FOX |2 21 |
| 100 | 0 | |a Foxley Riesco, Juan |e author |9 411977 | |
| 245 | 1 | 0 | |a SINAP: características financieras e impacto monetario 1961-1976 |
| 300 | |a 89 p | ||
| 942 | |c BK | ||
| 945 | |d 19980613 00:00:00 |a crobeson | ||
| 260 | |a Santiago |b Universidad de Chile |c 1977 | ||
| 600 | 0 | 7 | |a SINAP |2 CL-VaPUC |9 411978 |
| 650 | 7 | |a POLITICAS MONETARIAS |2 CL-VaPUC |9 410781 | |
| 650 | 0 | |a Dinero |9 314331 | |
| 650 | 7 | |a CRISIS ECONOMICA |2 CL-VaPUC |9 411979 | |
| 650 | 0 | |a Condiciones económicas |9 258255 | |
| 651 | 7 | |a CHILE |2 CL-VaPUC |9 411980 | |
| 583 | |a last modification |c 19980613 00:00:00 |k Rodrigo Vera | ||
| 490 | 0 | |a Documento de Investigación, 12 | |
| 999 | |c 270631 |d 270629 | ||
| 952 | |0 0 |1 0 |4 0 |6 332_498300000000000_FOX_1977 |7 0 |8 A |9 304991 |a BIBENE |b BIBENE |d 2019-11-20 |i 1413325 |o 332.4983 FOX 1977 |p 1413325 |r 2025-01-15 |w 2019-11-20 |y BK |k ICO | ||